|
|
|
|
| LEADER |
00000nss a2200000 a 4500 |
| 001 |
Si635 |
| 005 |
20230308223235.0 |
| 008 |
000000| ||||||||r|||||||||||spa|| |
| 022 |
|
|
|a Mex-0040-1889
|
| 040 |
|
|
|b spa
|
| 041 |
1 |
|
|a spa
|
| 082 |
0 |
|
|a 636.05
|
| 245 |
|
|
|a Patrones estacionales de crecimiento de dos variedades del alfalfa (Medicago sativa L.)
|c Yuri Villegas Aparicio
|
| 264 |
|
|
|a México
|b INIFAP
|c Mayo-Agosto 2004
|
| 300 |
|
|
|a 313 páginas:
|b ilu
|
| 362 |
|
|
|a Vol. 42 No.2 (mayo-agosto 2004)
|
| 504 |
|
|
|a incl. ref.
|
| 650 |
|
|
|a revista tecnica pecuaria
|
| 650 |
|
|
|a Alfalfa
|9 12500
|
| 650 |
|
|
|a Inifap
|
| 650 |
|
|
|a Patrones de crecimiento alfalfa
|9 308125
|
| 650 |
|
|
|a Medicago sativa l.
|9 283770
|
| 700 |
1 |
|
|a Villegas Aparicio, Yuri
|e coautor
|9 283803
|
| 700 |
1 |
|
|a Hernández Garay, Alfonso
|e coautor
|9 283006
|
| 700 |
1 |
|
|a Pérez Pérez, Jorge
|e coautor
|9 283544
|
| 700 |
|
|
|a Herrera Haro, José G.
|e coautor
|9 308126
|
| 710 |
1 |
|
|a Instituto Nacional de Investigaciones Forestales, Agrícolas y Pecuarias
|g INIFAP
|9 188880
|
| 773 |
|
|
|g 313 páginas:
|t Técnica Pecuaria en México
|
| 852 |
|
|
|a UC-YANUNCAY
|c SALA 2 ARTES
|f Donación
|k Eduran
|l 1
|m General
|p 00000000
|q 1,00
|r 1
|t Si635
|w Medicina Veterinaria y Zootecnia
|b 0
|d CDRY
|e CDRY
|g 636.05 SALA 2 ARTES
|z 0000-00-00
|
| 942 |
|
|
|c SER
|
| 999 |
|
|
|c 144006
|d 144006
|